An investigation of the consumers' attitudes toward door-to-door selling in Petaling Jaya /
Saved in:
| Main Author: | |
|---|---|
| Format: | Thesis Book |
| Language: | English |
| Published: |
1984.
|
| Subjects: | |
| Tags: |
Add Tag
No Tags, Be the first to tag this record!
|
| LEADER | 01256cam a2200325 4500 | ||
|---|---|---|---|
| 001 | u36103 | ||
| 003 | SIRSI | ||
| 008 | 850312s1984 my bt 00 1 eng m | ||
| 035 | |a AAD-8879 | ||
| 040 | |a UMM |d UME | ||
| 043 | |a a-my-se | ||
| 050 | |a HF5415.3 | ||
| 090 | |a HF5415.3 |b Yue | ||
| 091 | |a Microfiche 9137 | ||
| 099 | |a 658.85 |b Yue | ||
| 100 | 1 | 0 | |a Yuen, Swee Ling. |
| 245 | 1 | 3 | |a An investigation of the consumers' attitudes toward door-to-door selling in Petaling Jaya / |c Yuen Swee Ling. |
| 260 | |c 1984. | ||
| 300 | |a ix, 152 leaves ; |c 30 cm. | ||
| 500 | |a Photocopy. | ||
| 502 | |a Dissertation (M.B.A.) -- Fakulti Ekonomi dan Pentadbiran, Universiti Malaya, 1984. | ||
| 504 | |a Bibliography: leaves 149-152. | ||
| 650 | 0 | |a Consumers |z Selangor |z Petaling Jaya |x Attitudes. | |
| 650 | 0 | |a Canvassing. | |
| 948 | |a 16/03/1991 |b 26/07/2002 | ||
| 596 | |a 1 9 | ||
| 999 | |a HF5415.3 YUE |w LC |c 1 |i A002709760 |d 17/4/2019 |e 21/2/2019 |l STACKS |m P01UTAMA |n 8 |r Y |s Y |t TESIS |u 8/6/1992 | ||
| 999 | |a TESIS 658.85 YUE |w LC |c 1 |i A506300710 |l DISCARD |m P09EKONOMI |r Y |s Y |t TESIS |u 10/10/1997 | ||
| 999 | |a TESIS 658.85 YUE |w LC |c 2 |i A506300729 |l DISCARD |m P09EKONOMI |r Y |s Y |t TESIS |u 11/10/1997 | ||
| 999 | |a TESIS 658.85 YUE |w LC |c 3 |i A506300738 |l DISCARD |m P09EKONOMI |r Y |s Y |t TESIS |u 11/10/1997 | ||
